Loading...
| Religion | 0 | 6 | 0 | 0 | 60 | 22 | 83.67 | 1 | 5 |
| History - World History | 0 | 6 | 0 | 0 | 60 | 39 | 61.83 | 5 | 6 |
| History - Other History | 0 | 6 | 2 | 0 | 50 | 75 | 103.00 | 0 | 6 |
| Mythology | 0 | 4 | 0 | 0 | 40 | 44 | 84.25 | 2 | 4 |
| Science - Biology | 0 | 4 | 2 | 0 | 30 | 79 | 93.50 | 0 | 2 |
| History - European History | 0 | 3 | 1 | 1 | 25 | 114 | 120.33 | 0 | 0 |
| Social Science | 0 | 2 | 0 | 1 | 20 | 121 | 125.50 | 0 | 0 |
| History - American History | 0 | 3 | 2 | 0 | 20 | 65 | 86.33 | 0 | 2 |
| Science - Chemistry | 0 | 3 | 2 | 0 | 20 | 80 | 101.33 | 0 | 1 |
| Other Academic | 0 | 1 | 0 | 0 | 10 | 122 | 122.00 | 0 | 0 |
| Literature - World Literature | 0 | 1 | 1 | 0 | 5 | 21 | 21.00 | 1 | 1 |
| Literature - British Literature | 0 | 1 | 1 | 0 | 5 | 127 | 127.00 | 0 | 1 |
| Science - Other Science | 0 | 1 | 2 | 0 | 0 | 115 | 115.00 | 0 | 0 |
| Geography | 0 | 0 | 1 | 0 | -5 | 0.00 | 0 | 0 |